[Event "LF-1/4 OS-Hellern"]
[Site "MyTown"]
[Date "2006.09.02"]
[Round "?"]
[White "Bücker, Jürgen"]
[Black "Thal, Dr. Ortwin"]
[Result "1-0"]
[WhiteElo "2362"]
[BlackElo "2131"]
[PlyCount "111"]

1. e4 c5 2. Nf3 Nc6 3. d4 cxd4 4. Nxd4 Nf6 5. Nc3 e5 6. Ndb5 d6 7. Bg5 a6 8.
Na3 b5 9. Nd5 Be7 10. Bxf6 Bxf6 11. c3 O-O 12. Nc2 Bg5 13. a4 bxa4 14. Rxa4 a5
15. Bc4 Rb8 16. b3 Kh8 17. O-O f5 18. exf5 Bxf5 19. Nce3 Bg6 {In "The Complete
Sveshnikov Sicilian", Gambit Publications 2002, gibt Yuri Yakvivich  diesem
Zug ein Ausrufezeichen. In Frage kommt natürlich auch 19. Le6.} 20. Qe2 {
Die Hauptfortsetzung ist 20. Le2.} e4 21. Nc2 $1 {Diagramm # Die Idee dieses
seltenen Zuges ist der Springerabtausch auf d4, wonach der schwarze Bauer auf
a5 zu fallen droht.} Qc8 {'N'} (21... Ne5 {kommt in Frage}) (21... Rb7 {
geschah in der vorletzten Bundesligasaison  in der Partie Bücker- Dreis, LD-1/
3; danach geriet Schwarz schnell unter die Räder, da wie in der vorliegenden
Partie der schwarze Bauer a5fiel} 22. Nd4 Nxd4 23. cxd4 Rbf7 24. Qe1 Rf5 25.
Ne3 Bxe3 26. fxe3 Rxf1+ 27. Bxf1 Rf5 28. Bc4 Be8 29. Ra1 Bc6 30. d5 Bb7 31.
Qxa5 Qf6 32. Qa7 h6 33. Rd1 Qe7 34. b4 Qc7 35. Rf1 Rxf1+ 36. Bxf1 Qc8 37. Qb6 {
und Schwarz gab auf}) 22. Nd4 Nxd4 23. cxd4 Bd8 24. Qe3 Qg4 25. Ra2 h6 (25...
Rb7 26. Qg3 {Besser ist vermutlich 26. h3, siehe folgende Partie)} (26. h3 Qh4
27. Qg3 Qxg3 28. fxg3 Rxf1+ 29. Kxf1 Bf7 30. Kf2 Bxd5 31. Bxd5 Re7 32. Ke3 g6
33. g4 Kg7 34. g3 Rc7 35. Bc4 d5 36. Bxd5 Rc3+ 37. Kxe4 Rxg3 38. Rh2 Kf8 39.
Bc4 Ke7 40. Kd5 Kd7 41. Kc5 Be7+ 42. Kb6 Bd8+ 43. Kb5 Re3 44. d5 h5 $1 45. Kc5
Be7+ 46. Kb6 Bd8+ 47. Kb7 h4 48. Rf2 Be7 49. Rf7 Rxh3 50. Rg7 Rf3 51. Rxg6 Rf6
52. Rg7 Rh6 $2 53. g5 Rh5 54. Rg6 Rxg5 55. Bb5+ Kd8 56. Rh6 Bb4 57. Kc6 Bf8 58.
Rh8 Rg6+ 59. Kb7 Rf6 60. d6 Rf7+ 61. d7 Rf4 62. Ba4 Rb4+ 63. Kc6 Rf4 64. Rh5
Rd4 65. Rxa5 Rd6+ 66. Kb7 Rxd7+ 67. Bxd7 Kxd7 68. Rh5 Be7 69. Kb6 Ke6 70. Kc6
Kf7 71. Kd5 Kg6 72. Re5 Bf6 73. Re2 Kf5 74. Rf2+ Kg5 75. Ke4 Be7 76. Rf7 Bd6
77. Rd7 Bb8 78. b4 h3 79. Kf3 {
1-0 Firnhaber,I-Dr. Teichmeister,S/Dr Dünhaupt Memorial 2006.}) 26... Qxg3 27.
hxg3 Bf5 28. Re1 g6 29. Nc3 Bb6 30. Bd5 Re7 31. Nb5 Kg7 32. Kh2 Rd8 33. Rd2 a4
34. Rb2 axb3 35. Rxb3 Bd7 36. Nxd6 Bxd4 37. Rb7 Kf8 38. Rxe4 Rxe4 {
1/2-1/2 Bücker,J-Rio,R, ebenfalls in der 1. BL fast gleichzeitg gespielt.}) 26.
Re1 Kh7 (26... Rf3 $1 $146 {
Dieser geniale Einfall rettete den halben Punkt für Schwarz am 1. Brett der BL.
} 27. Qc1 Rf8 28. h3 Qf5 29. Qe3 Bh7 30. Ree2 Re8 31. Qg3 Qg6 32. Qf4 Bg8 33.
h4 Rb7 34. h5 Qxh5 35. Qxd6 Bc7 36. Nxc7 Bxc4 37. Nxe8 Bxe2 38. Qe6 Bg4 39. Qe5
Qxe5 {1/2-1/2 Firnhaber,I-Schwenck, 1. BL, 2006.}) 27. h3 Qh4 28. Kh2 Bf5 29.
Rf1 Re8 30. f3 Bg5 31. f4 Bd8 32. Qc1 Kh8 $2 (32... Be6) 33. Re2 Bf6 34. Qa1
Bg4 35. Ra2 Be6 36. Rxa5 {Diagramm # Wie beschrieben fällt nun der schwarze
Bauer auf a5 und der weiße Freibauer in der b-Linie garantiert den Sieg. Der
Rest ist die berühmte Sache der Technik.} Bd8 37. Ra8 Rxa8 38. Qxa8 Bxd5 39.
Qxd5 e3 40. g3 Qe7 41. Re1 Bb6 42. Kg2 Qe4+ 43. Qxe4 Rxe4 44. Kf3 Rxd4 45. Rxe3
d5 46. Bd3 g5 47. Bc2 gxf4 48. Re6 Ba5 49. Rxh6+ Kg7 50. Rg6+ Kh8 51. g4 Rd2
52. Ra6 Bc7 53. Rc6 Be5 54. Re6 Bc3 55. Re2 Rd4 56. h4 {Die Nebenvariante 21.
Sc2 hat für Weiß in kurzer Zeit zwei Siege sowie zwei Unentschieden gebracht.
Vielleicht lassen sich auch in den beiden Remispartien noch Verstärkungen für
Weiß finden, dann könnte 21. Sc2 bald zur Hauptvariante werden.} 1-0

[Event "LE-1/1 OS - Bocholt"]
[Site "?"]
[Date "2004.06.21"]
[Round "?"]
[White "Firnhaber, Ingo"]
[Black "Broß, Horst"]
[Result "1-0"]
[WhiteElo "2199"]
[BlackElo "2430"]
[PlyCount "83"]

1. e4 c5 2. Nf3 Nc6 3. d4 cxd4 4. Nxd4 Nf6 5. Nc3 d6 6. Bg5 e6 7. Qd2 a6 8.
O-O-O Bd7 9. f4 b5 10. Bxf6 gxf6 11. Kb1 Qb6 12. Nxc6 Bxc6 13. Qe1 Be7 14. f5
b4 15. Ne2 e5 16. Ng3 Qc5 17. Bd3 a5 18. Qe2 a4 19. Bc4 Rc8 20. b3 O-O 21. Rhe1
(21. Nh5 Kh8 22. g4 Rfd8 23. g5 fxg5 24. h4 axb3 25. cxb3 g4 26. Rhg1 Rg8 27.
f6 Bf8 28. Rxg4 Rxg4 29. Qxg4 Qe3 30. Bd5 Bd7 31. Qxd7 Rc1+ 32. Rxc1 Qd3+ 33.
Ka1 Qd4+ 34. Kb1 Qd3+ 35. Kb2 Qd2+ {1/2-1/2 Looschelders,W-Schueppel,R/BdF 2002
}) 21... Kh8 22. Qh5 Rg8 23. Qxf7 Rg7 24. Qh5 Be8 25. Qe2 Bf8 26. Rd2 Rg5 27.
Qf3 Qa5 {Diese Neuerung ist zweifelhaft, besser ist vermutlich 27 ...Lh6} (
27... Bh6 28. Red1 Rd8 29. h4 Rg8 30. Rd3 Rf8 31. Nh5 axb3 32. cxb3 Rd7 33. Qe2
Qb6 34. Ng3 Rd8 35. Nh1 Rc8 36. g4 Rxc4 37. bxc4 Ba4 38. g5 Bxd1 39. Qxd1 fxg5
40. Rxd6 Qe3 41. Rxh6 Qxe4+ 42. Ka1 gxh4 43. c5 Qe3 44. Rd6 Qxc5 45. f6 Qc3+
46. Kb1 Qh3 47. Nf2 Qf5+ 48. Nd3 Rxf6 49. Rxf6 Qxf6 50. Qe2 h3 51. Nxe5 h6 52.
Kb2 Qg7 53. Kb3 Qg3+ 54. Nf3 h2 55. Qe8+ {
1/2-1/2 Firnhaber,I-Schueppel,R/BdF 2003}) 28. Nf1 d5 29. exd5 $1 {Auch 3 Jahre
später bevorzugen die meisten Schachprogramme das Schlagen auf d5 mit Turm
oder Läufer.  Mit dem Textzug erhöht Weiß den Druck durch einen Freibauern.}
Bh6 30. d6 Rg7 31. Rdd1 Bc6 32. Qh5 Bg5 33. Nd2 Qa8 34. g3 Rd8 35. h4 Be8 36.
Qe2 Bxd2 37. Qxd2 Bh5 {Hiarcs 9:} 38. Rc1 Bf7 39. Bxf7 Rxf7 40. Qxb4 Rb7 41.
Qc3 Rbd7 42. g4 1-0

[Event "LE-1/1 OS - Fechenheim"]
[Site "?"]
[Date "2005.02.12"]
[Round "?"]
[White "Firnhaber, Ingo"]
[Black "Reppmann, Dieter"]
[Result "1-0"]
[WhiteElo "2199"]
[BlackElo "2427"]
[PlyCount "121"]
[EventDate "2001.11.02"]

1. e4 c5 2. Nf3 d6 3. d4 cxd4 4. Nxd4 Nf6 5. Nc3 a6 6. Be3 e5 {Mit der Wahl
des seit einigen Jahren sehr populären Abspiels der Sizilianischen
Verteidigung  kommt es am Spitzenbrett in der Begegnung Fechenheim - Osnabrück
zwischem dem mehrfachen Deutschen Fernschachmannschaftsmeister und dem
amtierenden Meister zu einer scharfen Auseinandersetzung, in der sich die
Partner, beide bisher in der BL ungeschlagen, nichts schenken.} 7. Nb3 Be6 8.
f3 Be7 9. Qd2 Nbd7 10. g4 O-O {Häufiger gespielt wird 10...h6, doch damit
erzielte Schwarz bisher eine geringere Punktausbeute} 11. O-O-O Qc7 12. Kb1
Rfc8 13. Qf2 b5 14. g5 Nh5 15. h4 b4 16. Nd5 Bxd5 17. Rxd5 a5 18. Bh3 a4 19.
Nc1 {Auf den ersten Blick sieht der schwarze Angriff am Damenflügel bedrohlich
aus, doch wurde die weiße Stellung mit der vorteilhaften Stellung des weißen
Läufers in der Diagonale h3-c8 und dem feinen Springermanöver Sc1 mehrfach
erprobt, so in der Partie Anand - van Wely, Wijk aan Zee, 2001, die mit einem
schönen sieg für Weiß endete.} Rcb8 20. Bg4 g6 {
Van Wely zog in der genanten Partie 20...Sf4.} 21. b3 Nb6 $2 {Vorzuziehen war
21....Sg7, was die schwarze Bauernstruktur am Königsflügel bewahrt hätte.} 22.
Rb5 Nd7 {Schwarz muss den Springer erneut ziehen, Weiß verringert durch den
Tausch eines Turmpaares den Druck des schwarzen Angriffs und zerstört
anschließend die schwarze Bauernstellung am Königsflügel} 23. Rxb8+ Rxb8 24.
Bxh5 gxh5 {Die schwarze Bauernstellung am Königsflügel ist zerstört, Weiß
steht schon klar besser.} 25. Qd2 Nc5 26. Ne2 Ne6 27. Ng3 Ng7 28. f4 exf4 29.
Bxf4 Rc8 30. Rf1 a3 {Schwarz ist positionell überspielt, die letzte Chance ist
ein Matt auf der langen Diagonale a1-h8.} 31. Kc1 Qc5 32. Qd3 h6 33. gxh6 Ne6
34. Nf5 Nxf4 35. Nxe7+ Kf8 36. Rxf4 Kxe7 37. Rf5 Qg1+ 38. Rf1 {Shredder 8:} Qc5
39. Qd2 f6 40. e5 $1 {Nach diesem feinen Bauernopfer wird das Zentrum gegen
den schwarzen König offener.} dxe5 41. h7 e4 42. Re1 Kf7 43. Rxe4 Kg6 44. h8=Q
Rxh8 45. Qxb4 Qd5 46. Qd4 Qxd4 47. Rxd4 Kf5 {Weiß hat sein Ziel endgültig
erreicht: der schwarze Angriff wurde abgeschlagen, die Bauernmehrheit am
Damenflügel sichert den Sieg im einfachen Turmendspiel. Der Rest der Partie
ist leicht verständlich.} 48. Ra4 Rg8 49. Kd2 Rg2+ 50. Kc3 Rh2 51. Rxa3 Rh3+
52. Kb2 Rxh4 53. Ra8 Rb4 54. a4 Rb7 55. a5 h4 56. a6 Rb6 57. c4 h3 58. c5 h2
59. Rh8 Rxa6 60. Rxh2 Ke5 61. b4 1-0

[Event "1. FS-BL, 2001-03"]
[Site "?"]
[Date "????.??.??"]
[Round "?"]
[White "Reppmann, D."]
[Black "Müller, G."]
[Result "1/2-1/2"]
[WhiteElo "2385"]
[BlackElo "2265"]
[PlyCount "66"]

1. e4 c5 2. Nf3 d6 3. d4 cxd4 4. Nxd4 Nf6 5. Nc3 a6 6. Be3 e5 7. Nb3 Be6 8. f3
Be7 (8... h5 {waere eine andere Variante. J.-C. Lueers spielte in unserer
Aufstiegssaison in der 2. Liga (1999-2001) hierauf das sofortige} 9. Nd5 Nxd5
10. exd5 Bf5 11. Bd3 Bxd3 12. Qxd3 Nd7 13. O-O Be7 14. c4 {mit Remis nach 28
Zuegen. Die verpflichtende Variante mit -h5 erschien mir gegen den frueheren
deutschen Fernschachmeister, der das Kunststueck fertigbrachte, in saemtlichen
Spielzeiten der ersten FS-Liga am ersten Brett ungeschlagen zu bleiben, jedoch
nicht solide genug.}) 9. Qd2 O-O 10. O-O-O b5 11. g4 Nbd7 {Sehr haeufig wird
an dieser Stelle auch 11.-b4 gespielt. Die Entscheidung fuer den Textzug fiel
letztendlich gefuehlsmaessig: nach -b4 wird oftmals der Damenfluegel blockiert
oder die schwarze Bauernstruktur neigt zur Schwaeche. Aber es ist eine Frage
des Geschmacks.} 12. g5 Nh5 {Auch an dieser Stelle geht oftmals der Bauer
sofort nach b4. Aber ich wollte eben die Schwaechung meines Damenfluegels
vermeiden. Moeglich nach 12.-b4 sind alle Springerzuege, nach a4, e2 und d5.
Die Vielzahl der Abspiele duerfte der Grund dafuer sein, warum in letzter Zeit
(zumindest in meiner Praxis) viele Fernschachpieler zu 6.Le3 greifen, hier ist
im Gegensatz zum ausanalysierten 6.Lg5 viel Kreativitaet moeglich.} 13. Nd5
Bxd5 14. exd5 f5 {Andere Moeglichkeiten sind 14.-b4, -Sb6 und -Dc7.} 15. gxf6 {
Diagramm #} Bxf6 {Und hier ist das Schlagen mit dem Turm ebenfalls
gebraeuchlich. Und ueberall gibt es viel unentdecktes Land. An dieser Stelle
beginnt die eigentliche Partie, mit der Realisierung eigener Plaene.
Letztendlich lohnte sich diese Arbeit mehrfach fuer mich, eben diese Stellung
hatte ich auch im Finale der 17. FS-WM auf dem Brett, wo sowohl W. Stern (D)
als auch L. Danek (CZ) im Gewinnsinne ebenfalls nichts gegen die schwarze
Spielfuehrung einfiel (Remis nach 22 bzw. 24 Zuegen). Idee des Laeufers auf f6
ist, dass nach einem irgendwann notwendigen -Sf4, Lxf4 exf4 der
schwarzfeldrige Laeufer sowohl die eigene Koenigsstellung sichert als auch auf
den weissen Monarchen zielt.} 16. Rg1 (16. Na5 Nf4 {
ist zumeist nur Zugumstellung, z.B.} 17. Nc6 Qc7 18. Rg1 Kh8 19. Rg4 Rac8 20.
Bxf4 exf4 21. Rxf4 Nb6 {usw., mit nachfolgendem Schlagen auf d5 und
resultierenden ungleichfarbigen Laeufern, wie in den o.g. Partien.}) (16. Bd3
Nb6 17. Rhg1 Kh8 18. Qb4 g6 {usw.}) 16... Nb6 {Der schwarze Springer ist
bereit zum Gegenangriff. Wie auch in den anderen oben erwaehnten Partien
begegnet Weiss dem hier durch das Springermanoever Sa5, verzichtet allerdings
auf die Besetzung des Feldes c6} 17. Na5 (17. Qb4 Qc7 18. Kb1 Rac8 19. Qe4 Nc4
20. Bc1 {kann es kaum sein.}) 17... Qc7 18. Bd3 {
Die anderen Moeglichkeiten sind 18.Sc6 und 18.Kb1.} (18. Kb1 Nf4 19. Bxf4 exf4
20. Nc6 Rac8 {usw.}) (18. Nc6 Rac8 {mit den bekannten Plaenen.}) 18... Nf4 (
18... Nxd5 $5 19. Bc4 bxc4 20. Qxd5+ Kh8 21. Nxc4 {mit gutem Spiel fuer Weiss.}
) (18... Nc4 {waere hingegen wohl auch gut spielbar:} 19. Bxc4 (19. Nxc4 bxc4
20. Qc3 Rac8) 19... bxc4 20. Nc6 Qb7) 19. Be4 ({Nach} 19. Bxf4 {wird zum einen
der Lf6 wirklich "langschrittig", zum anderen entstehen ungleichfarbige
Laeufer, die bekanntermassen einen Angriff ermoeglichen, zum anderen aber im
Endspiel das Remis garantieren.} exf4 20. c3 (20. Nc6 Rac8 21. Kb1 (21. Qb4
Nxd5 (21... g6) 22. Qe4 Qxc6 23. Qxh7+ Kf7 24. Be4 Bxb2+ 25. Kxb2 Qc3+ 26. Kb1
Qb4+ $11) 21... Nxd5 $15) 20... b4 21. Qc2 bxc3 22. Bxh7+ Kh8 $15) 19... Nc4 ({
In Frage kam auch} 19... Kh8 {, um zunaechst den Koenig aus der Schusslinie zu
nehmen. Aber letztendlich gefiel mir die unmittelbare Gegenreaktion besser.}
20. Kb1 Rac8 $13) 20. Nxc4 bxc4 21. c3 Rab8 {Jetzt muss natuerlich
schnellstmoeglich zum Angriff uebergegangen werden. Und da hierzu in jedem
Fall ein Turm auf die b-Reihe gehoert, folgt der Damenausfall nach a5 spaeter.}
(21... Qa5 22. a3 Rab8 23. Bxf4 (23. Qc2 Nd3+ 24. Rxd3 cxd3 25. Qxd3 h6 26. Bf5
Qa4 27. Be6+ Kh8 28. Qg6 Qb3) 23... exf4 24. Qc2) 22. Qc2 {Weiss schiebt das
Schlagen auf f4 moeglichst weit hinaus. Jetzt gibt es wieder viele
Moeglichkeiten:} h6 {Der Textzug war das Ergebnis mannschaftstaktischer
Ueberlegungen, die eben den Reiz der Mannschaftskaempfe ausmachen. Mir war
klar, dass Weiss nun bestenfalls die Dauerschachvariante der Partiefortsetzung
erreichen kann - und das war aufgrund des guenstigen Standes der anderen
Partien genug. Unnoetige Risiken verboten sich also.} (22... Kh8 23. Bxh7 Qa5
24. Rg3 Qxa2 25. Bxf4 exf4 26. Rh3 Qa1+ 27. Qb1 Qxb1+ 28. Bxb1+ Kg8 29. Bf5 $11
) (22... Nd3+ 23. Bxd3 cxd3 24. Rxd3) (22... Qa5 23. Bxf4 exf4 24. Bxh7+ Kh8
25. Bf5 Qxa2 26. Qg2 Qa1+ 27. Bb1 Bxc3 28. Qh3+ Kg8 29. Qh7+ Kf7 30. Qg6+ $11)
23. Bxf4 (23. Kb1 Rb5 24. Rg4 Rfb8 25. Bc1 Qc5 $15) 23... exf4 24. Rg6 (24. Qg2
Qa5 25. Qg6 Rxb2 $19) (24. Rde1 Qa5 25. a3 Rf7 26. Qg2 Bxc3 27. bxc3 Qxc3+ 28.
Qc2 Qa1+ 29. Kd2 Qd4+ 30. Kc1 Rfb7 $19) 24... Qa5 25. Rdg1 $1 {
Der einzige Zug zum Remis.} (25. Qg2 Bxc3 26. Rg1 Rf7 27. bxc3 Qxc3+ 28. Qc2
Qa1+ 29. Kd2 Qd4+ 30. Kc1 Rfb7 $19) (25. a3 Rf7 $17) 25... Rf7 {Diagramm #} (
25... Qxa2 $4 26. Qg2 Rb7 (26... Bxc3 27. Rxg7+) 27. Bb1 Qb3 28. Rxh6 $18) (
25... Rb7 {0} 26. Rxh6 Qxa2 27. Qe2 $14 Bxc3 28. Bh7+ $18) 26. Rxh6 (26. Bf5
Kh8 27. Be6 Rff8 28. a3 Qc5 29. Re1 Rb3 {
und es ist offensichtlich, dass die schwarzen Drohungen konkreter sind.}) 26...
Qxa2 (26... Rfb7 27. Bf5 $18) 27. Qg2 (27. Bf5 Rb3 28. Bd7 Qa1+ 29. Kd2 Qxb2
30. Qxb2 Rxb2+ 31. Kc1 Rb3 $17) (27. Qb1 Qxb1+ 28. Bxb1 Rb5 29. Ba2 Rfb7 30.
Rg2 Rxb2 31. Rxb2 Rxb2 32. Kxb2 gxh6 $11) 27... Qa1+ {Mit der Eventualzugfolge
bis zum 33. Zug, fuer die es ja keine Alternative gibt:} 28. Bb1 {Meine Ueberra
schung war nicht gering, als die vorgeschlagene Zugfolge von Weiss abgelehnt
wurde, ohne dass er, was ja auch gar nicht moeglich ist, einen anderen Zug
machte.} Bxc3 29. Rh8+ {und hier bot Weiss denn nun doch Remis an, nach} Kxh8
30. Qh3+ Kg8 31. Qh7+ Kf8 32. Qh8+ Ke7 33. Qxb8 Bd4 {
ist es eben doch Dauerschach.} 1/2-1/2

[Event "1. FS-BL, 2001-03"]
[Site "?"]
[Date "????.??.??"]
[Round "?"]
[White "Broß, H."]
[Black "Müller, G."]
[Result "0-1"]
[WhiteElo "2435"]
[BlackElo "2265"]
[PlyCount "80"]

1. e4 c5 2. Nf3 d6 3. d4 cxd4 4. Nxd4 Nf6 5. Nc3 a6 6. f4 e5 7. Nf3 Nbd7 8. a4
Be7 9. Bd3 O-O 10. O-O exf4 11. Bxf4 Qb6+ 12. Kh1 Qxb2 {Diese scharfe Stellung
hatte ich bereits im Jahre 1998 in einer Partie in der zweiten
Fernschach-Bundesliga auf dem Brett, gegen M. Negele, damals noch Bayer
Leverkusen).} 13. Nd5 (13. Qe1 Qb6 14. Nd5 Nxd5 15. exd5 Qd8 16. c4 Nc5 17. Bc2
Bg4 18. Qg3 Bh5 $1 19. Nd4 Bg6 20. Nf5 Bxf5 21. Bxf5 Bh4 22. Qg4 g6 23. Ra3 h5
24. Qd1 Bg5 25. Bxg5 Qxg5 26. Rg3 Qh6 27. Bc2 Rae8 28. Qb1 Qg7 29. Rxf7 Qxf7 {
und Remisschluss in der o.g. Partie Negele-Mueller, was uns damals zum Sieg im
Mannschaftskampf reichte und weswegen ich moeglichen chancenreichen, jedoch
wesentlich schaerferen, Fortsetzungen auswich.}) 13... Nxd5 14. exd5 Nc5 {
Die anderen Moeglichkeiten an dieser Stelle sind 14.-Se5, Db4 und Db6. Der
Textzug erschien mir am flexibelsten, da er die Entscheidung ueber einen
Rueckzug der schwarzen Dame hinausschiebt.} 15. Bxh7+ $2 {Theorie sind hier 15.
De2, De1 und Te1. Der Textzug ist eine N, von den Schachprogrammen empfohlen,
schlaegt jedoch bald zum Vorteil von Schwarz aus und entschied letztendlich
neben der Partie auch noch den Mannschaftskampf zwischen den beiden
erstplatzierten Mannschaften und damit die Deutsche Meisterschaft.} Kxh7 16.
Qe2 Bf6 $1 {Zum Glueck hatte ich mich schon im Vorfeld mit der Moeglichkeit
des Laeuferopfers befasst und hatte diesen starken und soliden Zug in Petto.
Der Vorteil ist, dass die folgende Abwicklung praktisch erzwungen ist. Die
anderen Moeglichkeiten 16.-Le6, -Te6 und -Se6 sind schwaecher.} 17. Bxd6 Bf5
18. Nd2 (18. Bxc5 Rfe8 19. Qf2 Qxc2 {und mit dem Laeuferpaar und wegen des zur
Schwaeche neigenden Bd5 steht Schwarz etwas besser.}) 18... Kg8 {An dieser Stel
le habe ich mich lange mit der anderen Moeglichkeit 18.-Lg6 befasst, doch ist
der Textzug einfach ueberschaubarer - und warum verkomplizieren, wenn es nicht
sein muss!} (18... Bg6 19. Bxc5 Rfe8 20. Qf2 Rac8 {und einigen Verwicklungen,
auf die sich Schwarz nicht einlassen moechte und muss.}) 19. Bxc5 Rfc8 20. Be7
(20. Rab1 Qxc2 21. Rbc1 Qd3 22. Qxd3 Bxd3 $15) (20. Qf2 Bxc2 21. Nc4 Qc3 22.
Nb6 (22. Rac1 Qxc4 23. Rxc2 Qxd5 $15) 22... Qxc5 23. Qxc5 Rxc5 24. Rxf6 gxf6
25. Nxa8 Rxd5 $15) 20... Rxc2 21. Bxf6 (21. Rab1 Qa2 22. Qf3 Rxd2 23. Qxf5 Rxg2
24. Qh3 Rf2 25. Bxf6 Qxd5+ 26. Kg1 Rxf6 27. Rxf6 Qg5+ 28. Qg3 Qxf6 $17) (21.
Qf2 Bd3 {oder auch:} (21... Qxa1 22. Rxa1 Bxa1 23. Qxf5 Rxd2 24. h4 b5 25. axb5
axb5 26. d6 b4 27. d7 Rd1+ 28. Kh2 b3 $17) 22. Bxf6 Qxf6 23. Qxf6 gxf6 24. Rf2
Rd8 $17) 21... Qxf6 $15 (21... Rxd2 22. Bxb2 Rxe2 23. Rxf5 Rxb2 {
ist auch spielbar, ergibt jedoch nur einen kleinen schwarzen Vorteil.}) 22.
Rae1 (22. Rad1 Qg6 23. Rf4 Bd7 $15) 22... Qg5 {
erzwingt bereits den Uebergang in ein deutlich besseres Endspiel fuer Schwarz.}
23. Ne4 (23. Rd1 {
und Schwarz hat verschiedene Moeglichkeiten, seinen Vorteil zu zementieren:} f6
{0} (23... Rd8 24. Qf3 Rxd2 25. Rxd2 Qxd2 26. Qxf5 Qxd5 $17) (23... Bg4 24. Nf3
Rxe2 25. Nxg5 f6 26. Nf3 Re4 $15) 24. d6 Rd8 25. Rg1 Qf4 26. Rgf1 Qxd6 27. Rxf5
Rxd2 28. Qc4+ Kf8 $15) (23. Rf2 Bg6) 23... Rxe2 24. Nxg5 Rxe1 25. Rxe1 {
Diagramm #} b5 $1 {Der schoenste Zug der Partie} (25... Rd8 $17 {selbstverstaen
dlich waere auch dieser einfache Zug in Frage gekommen. Schwarz behaelt danach
natuerlich seinen deutlichen Vorteil, doch erschien mir im Gewinnsinne der
gradlinige Textzug mit der einfachen und nur schwer zu verhindernden Idee des
Bauerndurchmarsches bis zurGrundreiheerfolgversprechend er.} 26. Rd1 (26. Re7
f6 27. g4 Bxg4 28. Ne6 Bxe6 29. dxe6 b5 30. axb5 axb5 31. Rb7 Re8 32. Rxb5 Rxe6
$17) 26... f6 27. Nf3 Rd6 28. a5 Be4 29. Kg1 Rxd5 30. Rxd5 Bxd5 31. Nd4 $17)
26. Kg1 {0} (26. axb5 axb5 27. Nf3 Rd8 28. Rd1 b4 29. Rd2 Rc8 $19 {, z.B.} 30.
Rd4 (30. Rb2 Rc1+ 31. Ng1 Rb1 32. Rxb1 Bxb1 {
und der Bb4 ist nur durch Springeropfer zu stoppen}) 30... b3 31. Rb4 Rc1+ 32.
Ng1 Bc2 33. h4 Rd1 34. Rb8+ Kh7 {
und nach dem Fall des Bd5 entscheidet das Eingreifen des sK.}) 26... b4 $1 (
26... f6 27. Ne6 bxa4 28. Nc5 {aktiviert nur den weissen Springer und nach}) (
26... bxa4 27. Ra1 {beherrscht der schwarze Laeufer nicht das wichtige
Umwandlungsfeld fuer seinen Bauern.}) 27. Nf3 (27. d6 b3 28. Re2 f6 29. Nf3 Bc2
$19) (27. Re7 Rb8 28. Rxf7 Bc2 29. Rf1 b3 30. Nf3 b2 31. Nd2 b1=Q 32. Nxb1 Rxb1
33. Rxb1 Bxb1 $19) 27... Bc2 28. a5 (28. Nd4 {waere m.E. etwas zaeher gewesen,
d.h.haette Weiss laengeres Weiterspielen ermoeglicht:} Bxa4 29. Ra1 Be8 {
etwas genauer als 29.-Ld7, da Schwarz auch noch die Moeglichkeit -Td8 mit
Angriff auf den Bd5 bleibt.} 30. Ra5 (30. Nc6 Bxc6 31. dxc6 Ra7 32. Kf2 Kf8 33.
Ke3 a5 34. Kd4 a4 35. Kc4 b3 36. Kc3 Ke7 {
und der Sieg sollte eine Sache der vielzitierten Technik sein.}) 30... Rd8 31.
Kf2 Bb5 32. Nc6 (32. Nxb5 Rxd5 33. Rxa6 Rxb5 34. Ra2 b3 35. Rb2 Kh7 36. Ke3 Kg6
37. Kd4 Kf5 38. Kc4 Rb7 39. Rxb3 Rxb3 40. Kxb3 Ke4 $19) 32... b3 33. Ra3 Bc4
34. Ra4 a5 $19) 28... b3 29. Nd4 Rb8 30. Kf2 b2 31. Nxc2 b1=Q 32. Rxb1 Rxb1 $19
{Diagramm # Die ganze Variante war erzwungen. Eigentlich hatte ich hier mit
der weissen Aufgabe gerechnet, aber zu diesem Zeitpunkt war beiden Spielern
(und Mannschaften) schon klar, dass es in dieser Partie wohl um die
Meisterschaft ging - und da macht man gerne ein paar Zuege mehr. Aber
ueberhaupt machten "in der staerksten Liga der Welt" einige Spieler mehr Zuege
als noetig...} 33. Nd4 Rb2+ 34. Kf3 Kf8 35. Nc6 Ke8 36. h4 Kd7 37. Ne5+ Ke7 38.
Nc4 Rb4 39. Ne3 Ra4 40. g4 Rxa5 0-1